Nghiên cứu về vai trò của truyền thông nội bộ trong việc xây dựng văn hóa doanh nghiệp của các doanh nghiệp vừa và nhỏ ở Đà Nẵng /
Luan van tap trung tim hieu vai tro van hoa doanh nghiep va loi ich cua truyen thong noi bo trong viec xay dung van hoa doanh nghiep ,co mot cai nhin chinh xac va khach quan ve cong cu quan trong ma hien nayrat it duoc chu trong dau tu nay tu do dua ra cac giai phap ho tro doanh nghiep trong viec ap...
Gardado en:
| Autor Principal: | |
|---|---|
| Outros autores: | |
| Formato: | Luận văn |
| Idioma: | Vietnamese |
| Publicado: |
ĐHĐN-Trương ĐH Ngoai ngữ,
2013.
|
| Những chủ đề: | |
| Các nhãn: |
Engadir etiqueta
Sen Etiquetas, Sexa o primeiro en etiquetar este rexistro!
|
| Thư viện lưu trữ: | Mạng thư viện Đại học Đà Nẵng |
|---|
| LEADER | 01825na a2200385 4500 | ||
|---|---|---|---|
| 001 | 000031278 | ||
| 003 | 5917 | ||
| 005 | 20230406145237.0 | ||
| 008 | 151001s2013 000 vie | ||
| 040 | |a LNN | ||
| 041 | |a vie | ||
| 082 | |a 959.7302 |b NG-H | ||
| 100 | |a Nguyễn Lê Ngân Hà | ||
| 245 | 0 | |a Nghiên cứu về vai trò của truyền thông nội bộ trong việc xây dựng văn hóa doanh nghiệp của các doanh nghiệp vừa và nhỏ ở Đà Nẵng / |c Nguyễn Lê Ngân Hà. | |
| 246 | |a Luận văn tốt nghiệp | ||
| 260 | |a ĐHĐN-Trương ĐH Ngoai ngữ, |c 2013. | ||
| 300 | |a 30cm : |b 65 tr;. | ||
| 502 | |a Luận văn tot nghiep |b Chuyen nghanh Quoc te hoc | ||
| 520 | |a Luan van tap trung tim hieu vai tro van hoa doanh nghiep va loi ich cua truyen thong noi bo trong viec xay dung van hoa doanh nghiep ,co mot cai nhin chinh xac va khach quan ve cong cu quan trong ma hien nayrat it duoc chu trong dau tu nay tu do dua ra cac giai phap ho tro doanh nghiep trong viec ap dung truyen thong noi bo vao xay dung van hoa doanh nghiep. | ||
| 653 | |a Nguyễn Lê Ngân Hà, 2013, doanh nghiệp, vừa, nhỏ, đà nẵng | ||
| 700 | |a Le Duc Tien |b Th.S |c huong dan | ||
| 852 | |c Luận văn sinh viên | ||
| OWN | |a LNN | ||
| AVA | |a UDN50 |b LNN |d 959.7302 NG-H |e available |t Error 5001 Not defined in file expand_doc_bib_avail. |f 3 |g 0 |h N |i 0 | ||
| 999 | |a From the UDN01 | ||
| AVA | |a UDN50 |b LNN |d 959.7302 NG-H |e available |t Error 5001 Not defined in file expand_doc_bib_avail. |f 3 |g 0 |h N |i 0 | ||
| TYP | |a Dissertation | ||
| TYP | |a Printed language | ||
| 980 | |a Mạng thư viện Đại học Đà Nẵng | ||